000 01119cam a22003737 4500
001 a33011
003 DO-SdBNP
005 20180130110101.0
007 a33011
008 080121s2010 sp | |||| 00 0 spa
015 _a
017 _a
_b
020 _a9788420405278
035 _a
040 _aBPMSU
_bspa
_cBPMUS
_e
041 1 _aspa
_h
080 _a
082 _2
_a823.91
_bD219p
100 1 _a Caveney, Philip,
_d1951-
240 1 0 _aSebastian Darke : prince of fools.
_lEspañol
245 1 0 _aPríncipe de los bufones :
_bSebastián Darke /
_cPhilip Caveney ; traducción de Mercedes Núñez
_h
260 _aMadrid :
_bAlfaguara,
_c2010
300 _a387 p. ;
_c23 cm
490 _aAlfaguara juvenil
500 _aTítulo original en inglés: Sebastian Darke : prince of fools.
650 _aNOVELA JUVENIL INGLESA
650 _aLITERATURA JUVENIL INGLESA
650 _aNOVELA HUMORÍSTICA
700 _aNúñez, Mercedes,
_etr.
830 _aAlfaguara juvenil
942 _2ddc
_cBK
945 _aInventariado, 2018 / BT
956 _aVMATEO
_b10
_c20160720
_dBPMSU
_f0069
999 _c10971
_d10971